| 000 | 00709 a2200217 4500 | ||
|---|---|---|---|
| 003 | OSt | ||
| 005 | 20230616133924.0 | ||
| 008 | 230118s2018 mx a||||r|||| 00| 0 spa d | ||
| 020 | _a9786071734068 | ||
| 040 | _cCHAP | ||
| 082 | 0 | 4 |
_222 _a636.3084 _bG64 |
| 100 | 1 |
_9146590 _aGonzález Carro, Miguel Ángel |
|
| 245 | 0 | 0 |
_aMetodología diagnóstica de ovinos y caprinos / _cpor Miguel Ángel González Carro. |
| 264 | 1 |
_aCiudad de México : _bTrillas, _c2018. |
|
| 300 |
_a288 páginas. _bfiguras, tablas. |
||
| 505 | _gIncluye bibliografía e índice. | ||
| 650 | 4 |
_9141299 _aOvejas _x Enfermedades |
|
| 650 | 4 |
_9143023 _aCabras Enfermedades |
|
| 650 | 4 |
_9137478 _aMedicina veterinaria |
|
| 942 |
_cLibro _2ddc |
||
| 999 |
_c218105 _d218105 |
||